000 00370 a2200169 4500
020 _aN/S
040 _aULA-LD-MS
082 _a331.2
100 _91028
_aChimpolo , Joao Maria Funzi
245 _aRemuneraȯ̂ E Salr̀io
260 _bS/E
300 _a49
301 _e0
650 _aRecursos Humanos
670 _uRemuneraȯ̂ E Salr̀io
942 _cLIV-ELE
999 _c2201
_d2201